MISAMO Discography Quiz - Statistics

General Stats
  • This quiz has been taken 10 times
    4 since last reset
  • The average score is 20 of 27
Answer Stats
% Correct
Bouquet
100%
Do not touch
100%
Identity
100%
Mirage
100%
Misty
100%
New Look
100%
Rewind you
100%
Confetti
75%
Deep Eden
75%
Funny Valentine
75%
Hmm
75%
Kitty
75%
Ma Cherry
75%
Marshmallow
75%
Money in my pocket
75%
Not a goodbye
75%
Runway
75%
Turning tables
75%
Baby, I'm good
50%
Behind the curtain
50%
Catch my eye
50%
Daydream
50%
It's not easy for you
50%
Jealousy
50%
Message
50%
Red Diamond
50%
Wah wah wah
50%
No matching quizzes found
Score Distribution
Percent of People with Each Score
Percentile by Number Answered
Your Score History
You have not taken this quiz since the last reset